[Event "73rd RUS-ch Superfinal 2020"]
[White "Fedoseev,Vladimir"]
[Black "Dubov,Daniil"]
[Site "Moscow"]
[Round "10.6"]
[Annotator "TA"]
[Result "1-0"]
[Date "2020.12.15"]
[WhiteElo "2674"]
[BlackElo "2702"]
[PlyCount "123"]

1. e4 {} e5 2. Nf3 Nc6 3. Bc4 d6 4. c3 f5 5. d3 Qf6 6. Ng5 {C50: Hungarian Defence
and Giuoco Pianissimo.} Nh6 {[#]} 7. f4 $146 ({Predecessor:} 7. Qb3 f4 8. Ne6 Bxe6 9. Bxe6 Rb8 10. Nd2 Ke7 11. Bh3 g5 12. Bf5 Nxf5 13. exf5 Qxf5 {1-0 (35)
Zacks,N-Arganian,D East Lansing 1995} )Bd7 8. 0-0 {White has an edge.} 0-0-0 9. exf5 exf4 10. Bxf4 Bxf5 11. Nf3 (11. d4 $142 )Nf7 ({Black
should try} 11... d5 $11 12. Bb5 Bg4 )12. Bg3 Nfe5 (12... d5 $11 13. Bb5 Ne7 )13. Bb5 ({White should play} 13. Nbd2 $16 )Be7 (13... Bg4 $5 {} )14. d4 Nxf3+ $1 15. Qxf3 Bd7 16. Qe2 Qg6 (16... Qg5 $11 {remains
equal.} )17. Bxc6 $16 Bxc6 18. Qxe7 {Strongly threatening c4.} Rde8 19. Qf7 $1 {} Re2 {[#]} 20. Qf5+ $1 Qxf5 21. Rxf5 {Black must now prevent d5.} Rxg2+ 22. Kf1 {Threatens to win with d5.} Rxb2 {And now ...Be4 would win.} 23. Rf2 Rb5 24. Nd2 h5 25. c4 Rg5 26. Re1 h4 27. Bf4 Ra5 28. Nb3 Ra4 29. c5 g5 30. Be3 ({Much weaker is} 30. Bxg5 $6 Bb5+ 31. Kg2 Rg8 $11 )g4 31. cxd6 g3 {
[#]} 32. hxg3 $1 hxg3 33. Rc2 {aiming for Rxc6!} Bb5+ $2 {This move loses the
game for Black.} (33... Rh1+ $16 34. Bg1 Rh5 )34. Kg1 $18 Rc4 35. Rxc4 Bxc4 36. Bf4 cxd6 37. Bxd6 Kd7 38. Bxg3 Rg8 39. Kf2 b6 40. Rc1 Rc8 41. Ke3 a5 42. Rc2 Rc6 43. Nd2 Bd5 $2 (43... Bg8 )44. Rxc6 {White is clearly winning.} Kxc6 45. a3 {} b5 46. Kd3 b4 47. a4 Bg2 48. Nb3 Kd5 49. Be1 Be4+ 50. Ke3 Bc2 51. Nxa5 b3 52. Bc3 b2 53. Bxb2 Bxa4 54. Nb7 Bc6 55. Nc5 Ba8 56. Nd3 Bb7 57. Ba3 Ba8 58. Bc5 Bb7 59. Kf4 Ke6 60. Kg5 Be4 61. Nf4+ Kd7 62. Kf6 {
Weighted Error Value: White=0.07/Black=0.29} 1-0

[Event "73rd RUS-ch Superfinal 2020"]
[White "Dubov,Daniil"]
[Black "Karjakin,Sergey"]
[Site "Moscow"]
[Round "11.1"]
[Annotator "TA"]
[Result "1-0"]
[Date "2020.12.16"]
[WhiteElo "2702"]
[BlackElo "2752"]
[PlyCount "75"]

1. e4 {} e5 2. Nf3 Nc6 3. Bc4 Bc5 4. c3 Nf6 5. d4 exd4 6. b4 {C54: Giuoco Piano: 4 c3 Nf6, main lines with 5 d4
and 5 d3.} Bb6 7. e5 Ne4 8. Bd5 {Black has an edge.} Nxc3 9. Nxc3 dxc3 {[#]} 10. Bg5 $146 ({Predecessor:} 10. 0-0 h6 11. Qb3 0-0 12. Qxc3 d6 13. exd6 cxd6 14. Rd1 Qe7 15. Bb2 Ne5 16. Nxe5 dxe5 17. Qxe5 Qxe5 18. Bxe5 {1/2-1/2 (51)
Greiff,H-Hansen,L (2562) Copenhagen 2000} )Ne7 $1 11. 0-0 {With the idea
Nh4.} h6 12. Bh4 0-0 {And now ...d6 would win.} 13. Re1 Qe8 14. Bb3 a5 15. Bf6 a4 (15... gxf6 $2 16. exf6 d5 17. fxe7 $18 )(15... Nf5 $1 $11 16. Qd3 d6 17. exd6 Qd7 18. bxa5 Bxa5 19. Bxc3 Qxd6 )16. Bc4 $1 $16 Ng6 {[#]} (16... gxf6 $2 17. exf6 d5 18. Qc1 $18 )17. Qd3 $1 {} d5 $1 {} 18. exd6 $40 { Intending Qxg6 and mate. White goes for the king.} Be6 {[#]} 19. Qxg6 $3 {} fxg6 20. Rxe6 Qf7 {White stays focused until the end.} 21. Bxc3 {Re4 is the strong threat.} Kh8 {White must now prevent ...cxd6.} 22. Re4 $1 Qf5 {[#]} 23. Re7 $1 {} Rg8 (23... Bxf2+ $16 24. Kh1 {[#]} Rg8 $1 {} 25. Bxg8 Rxg8 26. dxc7 Qc2 )24. Bxg8 $18 Rxg8 25. dxc7 Qc2 26. Be5 Bxf2+ 27. Kh1 Bb6 28. h3 Kh7 29. Re1 a3 30. Kh2 g5 31. Nd4 Qc4 (31... Bxd4 {was necessary.} 32. Bxd4 Qf5 )32. Nf5 Qxb4 33. Rc1 ({Worse is
} 33. Rxg7+ Rxg7 34. c8=Q Qxe1 $17 )Kg6 34. Rxg7+ { Double
Attack} Kxf5 35. Rxg8 Bxc7 36. Bxc7 ({And not} 36. Rxc7 Kxe5 37. Rc2 Qd6 $11 )Qb2 37. Rc5+ Ke4 38. Rd8 {Weighted Error Value: White=0.04/Black=0.49} 1-0

[Event "73rd RUS-ch Superfinal 2020"]
[White "Esipenko,Andrey"]
[Black "Fedoseev,Vladimir"]
[Site "Moscow"]
[Round "11.2"]
[Annotator "TA"]
[Result "1/2-1/2"]
[Date "2020.12.16"]
[WhiteElo "2686"]
[BlackElo "2674"]
[PlyCount "146"]

1. e4 {} e5 2. Nf3 Nc6 3. Bb5 a6 4. Ba4 Nf6 5. 0-0 Nxe4 6. d4 b5 7. Bb3 d5 8. dxe5 Be6 9. c3 Be7 10. h3 {C83: Open Ruy Lopez: 9
c3 Be7.} 0-0 11. Bc2 {[#]} Qc8 $146 ({Predecessor:} 11... Nc5 12. Re1 Re8 13. Nbd2 d4 14. Ne4 dxc3 15. Qe2 Nd4 16. Nxd4 Qxd4 17. Be3 Qxe5 {0-1 (27)
Beklarian,L (2232)-Fatkulin,A (2235) Nojabrsk 2005} )12. Nbd2 { White is slightly better.} f5 13. exf6 Nxf6 14. Re1 Bd6 15. Nf1 Ne7 (15... Qd7 $11 )16. Ng3 $16 Bd7 17. Bg5 Kh8 18. Ne5 {Hoping for
Qd3.} Be6 19. Qd3 Bg8 20. Re2 Nd7 21. Ng4 Nc5 22. Qd2 Nc6 23. Rae1 Qd7 24. Nh5 Ne4 25. Bxe4 dxe4 26. b3 (26. Rxe4 $16 Qf5 27. Ng3 )Rf5 {[#]} (26... Be6 $11 {keeps the balance.} )27. Ng3 $1 {} Rd5 28. Qc1 h6 29. Bf4 h5 30. Nh2 Bxf4 31. Qxf4 Ne5 32. Rf1 (32. Nxh5 $6 Nd3 $11 )({White should try} 32. c4 $16 bxc4 33. bxc4 (33. Qxe4 c3 $11 )(33. Nxe4 $2 Nd3 $19 { Double
Attack} )Nxc4 34. Qxe4 (34. Rxe4 Nb2 $16 ))Nd3 33. Qe3 ({Better is
} 33. Qxe4 $16 {Threatens to win with c4.} Bh7 34. Qf3 )Re8 $11 {The
position is equal.} 34. Nxe4 Bh7 35. f3 c5 36. c4 bxc4 37. bxc4 Rd4 38. Rd2 Qd8 ({Of course not} 38... Bxe4 39. fxe4 Ne5 40. Rdf2 $16 )39. Kh1 Kg8 40. Qg1 {
White wants to play Nxc5!} Qa5 41. Rfd1 Red8 42. Nf1 Bxe4 43. fxe4 Qa4 44. Ne3 Nb2 $1 45. Rxd4 ({But not} 45. Rxb2 $2 Rxd1 46. Nf1 {[#]} (46. Nxd1 $2 Rxd1 47. Qxd1 Qxd1+ $19 )Rxf1 $1 $19 {} )cxd4 46. Rd2 {Black must
now prevent Nd5.} Nxc4 47. Nxc4 Qxc4 { Endgame KQR-KQR} 48. Qd1 Qc5 49. Rd3 Qe5 50. Qe2 a5 51. Rd1 Kh7 52. Qd3 g6 53. Rf1 Rd7 54. Rd1 Kg7 55. Kg1 Rd6 56. Kh1 h4 57. Kg1 Qg3 58. Qxg3 hxg3 {KR-KR} 59. Rd3 Kf6 {And now ...Ke5
would win.} (59... Rc6 {looks sharper.} 60. Rxg3 Kf6 61. h4 Ke5 62. Kf2 Kf4 )60. Kf1 Ke5 {Strongly threatening ...Rf6+.} 61. Rxg3 {Cut Off at move 61} Rc6 {
aiming for ...Rc1+.} 62. Ke1 Kxe4 63. Kd2 a4 64. h4 Re6 65. Rg4+ Kd5 66. Rg3 Kc4 67. Ra3 Kb4 68. Rd3 Re4 69. g3 Kc4 70. Ra3 Kb5 71. Rf3 Kc4 72. Ra3 Kb4 73. Rd3 Kc4 {Weighted Error Value: White=0.10/Black=0.10} 1/2-1/2

[Event "73rd RUS-ch Superfinal 2020"]
[White "Chigaev,Maksim"]
[Black "Nepomniachtchi,Ian"]
[Site "Moscow"]
[Round "11.3"]
[Annotator "TA"]
[Result "1/2-1/2"]
[Date "2020.12.16"]
[WhiteElo "2619"]
[BlackElo "2784"]
[PlyCount "19"]

1. e4 {} c5 2. Nf3 d6 3. d4 cxd4 4. Nxd4 Nf6 5. Nc3 a6 6. Be3 {[#]} Ng4 $146 ({Predecessor:} 6... e5 7. Nb3 Be7 8. f3 Be6 9. Qd2 h5 10. 0-0-0 Nbd7 11. Kb1 Rc8 12. h4 b5 13. a3 0-0 14. Bg5 Re8 15. g4 hxg4 16. fxg4 Bxg4 17. Re1 d5 18. Nxd5 Nxd5 19. exd5 Bf5 {1/2-1/2 (31) Wei,Y (2732)-Giri,A (2764)
Chess.com INT 2020} )7. Bc1 Nf6 8. Be3 Ng4 9. Bc1 Nf6 10. Be3 {10.Nd5 is a
critical line.} 1/2-1/2

[Event "73rd RUS-ch Superfinal 2020"]
[White "Matlakov,Maxim"]
[Black "Goganov,Aleksey"]
[Site "Moscow"]
[Round "11.4"]
[Annotator "TA"]
[Result "1-0"]
[Date "2020.12.16"]
[WhiteElo "2698"]
[BlackElo "2594"]
[PlyCount "87"]

1. d4 {} Nf6 2. c4 e6 3. g3 Bb4+ 4. Bd2 Be7 5. Bg2 d5 6. Nf3 0-0 7. Qc2 Nbd7 {is now more promising than 7...c6.} 8. 0-0 c6 9. Rc1 {
E11: Bogo-Indian.} a5 10. a4 h6 11. Na3 {[#] The position is equal.} Ne4 $146 ({Predecessor:} 11... Bd6 12. Ne1 e5 13. cxd5 Nxd5 14. Nc4 Bc7 15. e4 N5f6 16. d5 cxd5 17. exd5 Nb6 {1/2-1/2 (43) Svane,R (2613)-Lupulescu,C (2652) Playchess.
com INT 2020} )12. Be3 f5 13. Ne1 Qe8 14. f3 Nef6 15. Nd3 g5 16. Re1 Bd6 17. Rad1 Qg6 18. Qc1 Kh7 19. Nb1 e5 (19... dxc4 {keeps more tension.} 20. Qxc4 e5 21. Nc3 Re8 22. Qb3 f4 )20. dxe5 Nxe5 21. Nxe5 Bxe5 22. f4 gxf4 23. Bxf4 Bxf4 24. Qxf4 {} Be6 25. cxd5 Bxd5 26. Nc3 {} Bxg2 (26... Nh5 $5 {} 27. Qf2 Bxg2 28. Rd7+ Rf7 29. Rxf7+ Qxf7 30. Kxg2 Qg6 $11 )27. Kxg2 Rf7 28. Rf1 Nh5 29. Qe5 Ng7 30. Rd6 Re8 31. Qd4 $36 {
White has the initiative.} Re6 32. Rd7 Qf6 $2 (32... c5 $11 33. Qd5 Rxd7 34. Qxd7 Rb6 )33. Qxf6 $18 Rfxf6 34. Rxb7 Kg6 35. Rd1 Re5 36. Rd8 Ne6 37. Rg8+ Kh5 38. b4 Re3 $2 {} (38... Rg6 $16 39. Rc8 Rg4 )39. bxa5 {[#]
Threatens to win with a6.} Rxc3 40. a6 {a7 is the strong threat.} Rc2 $2 (40... Ra3 41. a7 Rxa4 )41. a7 Rxe2+ {[#]} 42. Kf1 $1 Nd4 43. a8=Q Rfe6 44. Qf8 {
Weighted Error Value: White=0.11/Black=0.62} 1-0

[Event "73rd RUS-ch Superfinal 2020"]
[White "Svidler,Peter"]
[Black "Vitiugov,Nikita"]
[Site "Moscow"]
[Round "11.5"]
[Annotator "TA"]
[Result "1/2-1/2"]
[Date "2020.12.16"]
[WhiteElo "2723"]
[BlackElo "2720"]
[PlyCount "52"]

1. e4 {} e5 2. Nf3 Nc6 3. Bb5 a6 4. Ba4 Nf6 5. 0-0 b5 6. Bb3 Bc5 7. a4 Rb8 8. c3 d6 9. d4 Bb6 10. axb5 {10.a5 is the fancy move.} axb5 11. Qd3 {C78: Ruy
Lopez: Archangelsk and Möller Defences.} 0-0 {The position is equal.} 12. Bg5 exd4 13. cxd4 h6 14. Bh4 g5 15. e5 {And now Qg6+ would win.} gxh4 16. Qg6+ $1 {
 [#] Double Attack} Kh8 17. Qxh6+ { Double Attack} Nh7 18. Bc2 {} f5 19. exf6 $1 $40 { White is up to no good.} Rf7 20. Ng5 Qxf6 { [#] Double Attack} 21. Nxf7+ Qxf7 22. Bxh7 Qxh7 23. Qf8+ Qg8 24. Qh6+ { Double Attack} Qh7 25. Qf8+ Qg8 {[#]} 26. Qh6+ $146 { Double Attack} ({Predecessor:} 26. Qf6+ Qg7 27. Qxh4+ Qh7 28. Qf6+ Qg7 29. Qh4+ Qh7 30. Qf6+ Qg7 31. Qh4+ {
1/2-1/2 (31) Dudas,E (2276)-Papp,P (2305) Heviz 2013} )Qh7 {An
uneventful encounter.  Weighted Error Value: White=0.03/Black=0.00} 1/2-1/2